Moldovan Cities - Sudden Death - Statistics

General Stats
  • This quiz has been taken 45 times
  • The average score is 11 of 20
Answers on the Grid
Answers color-coded by a green-red scale on the quiz's grid according to % correct below.
Bălți
Bacău
Cahul
Vinnytsia
Chișinău
Ceadîr-Lunga
Dubăsari
Edineț
Fălești
Vaslui
Tulcea
Baja
Grigoriopol
Sevastopol
Simferopol
Ialoveni
Leova
Nisporeni
Orhei
Otaci
Soroca
Mioveni
Rădăuți
Sighișoara
Ștefan Vodă
Tiraspol
Ungheni
Vulcănești
Anenii Noi
Cricova
 
Answer Stats
Answer % Correct
Chișinău
77%
Tiraspol
74%
Bălți
68%
Anenii Noi
61%
Cahul
61%
Orhei
61%
Ungheni
61%
Dubăsari
58%
Edineț
58%
Ștefan Vodă
58%
Vulcănești
58%
Cricova
55%
Leova
55%
Ialoveni
52%
Fălești
48%
Soroca
45%
Ceadîr-Lunga
42%
Nisporeni
42%
Otaci
42%
Grigoriopol
29%
No matching quizzes found
Score Distribution
Percent of People with Each Score
Percentile by Number Answered
Your Score History
You have not taken this quiz